00617nam a2200169Ia 4500003000400000005001700004008004100021020002200062040002900084050002500113100006600138245008700204250001200291260002800303300000900331650010700340OSt20230803161149.0221216s9999||||xx |||||||||||||| ||und|| a978-0-08-096485-0 cChuka University Library aGC 150.5 b.E44 2009 aJohn H. Steel, Steve A. Thorpe and Karl K. Turekian (Editors) 0aElements of physical Oceanography: A derivative of encyclopedia of ocean sciences  a2nd ed. aBoston bElsevierc2009 a647p a1. Oceanography---Encyclopaedia 2. Marine ecology---Encyclopaedia 3. Submarine ecology---Encyclopaedia